000 00620cam a22002051 4500
001 ne 64000882
003 DLC
005 20260227111758.0
008 860814s1963 ua ach 000 0 arar
010 _ane 64000882
025 _aPL480:UAR-3972
035 _a(OCoLC)23488049
040 _aDLC
_cMiU
_dDLC
050 0 0 _aE169
_b.S565
100 1 _aṢidqī, Jādhibīyah
245 1 0 _aAmrīkā wa-anā /
_ctaʼlīf Jādhibīyah Ṣidqī.
260 _aal-Qāhirah,
_bMaktabat al-Nahḍah al-Miṣrīyah,
_c1963?
300 _a247 p.
_billus., ports., facsim.
_c24 cm.
651 0 _aUnited States
_xDescription and travel.
999 _c46877
_d46877